Disney Channel Shows 2010s - Statistics

General Stats
  • This quiz has been taken 272 times
  • The average score is 11 of 15
Answer Stats
Hint: Show's Name: % Correct
Adventures of the daughter from a couple from "Boy Meets World" Girl Meets World
95%
Identical twins live in wisconsin. One is an actress and singer and the other is a basketball player Liv and Maddie
95%
Theme song: "It feels like a party everyday...." Jessie
92%
Takes place at camp Kikiwaka in Maine Bunk'd
89%
A family learns how to raise a toddler Good Luck Charlie
87%
About a singer and a songwriter Austin And Ally
83%
Spinoff of "That's so Raven" Raven's Home
81%
A high schooler in in advanced program.... A.N.T. Farm
79%
The adventures of a Middle Child Stuck in the Middle
77%
Best friends dream of stardom and then appear in a small Chicago show Shake It Up
72%
High school math whiz is hired by the government to ba a spy K.C. Undercover
71%
Best friends make funny video blogs Bizaardvark
50%
Theme song name: "Tommorow Starts Today" Andi Mack
48%
Middle school siblings make would you wrather videos Coop and Cami Ask The World
39%
Average high schooler gets an alien babaysitting job Gabby Duran And The Unsittables
29%
No matching quizzes found
Score Distribution
Percent of People with Each Score
Percentile by Number Answered
Your Score History
You have not taken this quiz